000 00296nam a22001337a 4500
008 181107b xxu||||| |||| 00| 0 eng d
020 _a9780312189273
041 _aeng
080 _a371
100 _a46
101 _aEDU
245 _aThe New St.Martin's Handbook
_cLunsford
942 _2udc
_cBK
999 _c52223
_d52223